Pseudonym v záhlaví katalogizačného záznamu

Uložené v:
Podrobná bibliografia
Hlavný autor: Palušová, Mária
Médium: Kniha
Jazyk:Slovak
Vydavateľské údaje: Bratislava Univerzitná knižnica v Bratislave 1981
Tagy: Pridať tag
Žiadne tagy, Buďte prvý, kto otaguje tento záznam!

MARC

LEADER 00000nam a2200000 4500
001 c129614
005 20041019155246.9
041 0 |a slo 
044 |a SK 
245 1 0 |a Pseudonym v záhlaví katalogizačného záznamu  |c Mária Palušová 
264 1 |a Bratislava  |b Univerzitná knižnica v Bratislave  |c 1981 
300 |a 152 s. 
100 1 |a Palušová, Mária